000 00296nam a22001337a 4500
008 181022b xxu||||| |||| 00| 0 eng d
020 _a9780071611664
041 _aeng
080 _a510
100 _a36
101 _aMAT
245 _aIntermediate Accounting II
_cEnglard, B
942 _2udc
_cBK
999 _c50526
_d50526